| 000 | 00466nam a2200157Ia 4500 | ||
|---|---|---|---|
| 008 | 151021s9999 xx 000 0 und d | ||
| 020 | _a471393592 | ||
| 050 | _aHD 69.P75M47 2000 | ||
| 245 | _a_Project Management A managerial Approach [4th ed.] Jack R Meredith | ||
| 260 | _aNew York Wiley 2000 | ||
| 300 | _a616p;ill. | ||
| 500 | _aIncludes index | ||
| 650 | _a_project management | ||
| 700 | _a_Samwel J.Mantel,Jr. | ||
| 980 | _a^d20150410 11:08:45^okorir | ||
| 999 |
_c9093 _d9093 |
||